[Event "FIDE World Rapid Team"]
[Site "London ENG"]
[Date "2025.06.11"]
[Round "3.5"]
[White "McCarthy, Kevin C"]
[Black "Agafonov, Yuri Dr"]
[Result "0-1"]
[WhiteElo "1942"]
[BlackElo "2096"]
[WhiteTeam "Sharks 4NCL"]
[BlackTeam "OlalaStars"]
[WhiteFideId "470775"]
[BlackFideId "11602104"]
[EventDate "2025.06.11"]
[EventType "team"]

1. c4 e5 2. Nc3 Bb4 3. Nd5 a5 4. a3 Bc5 5. e3 Nf6 6. Nxf6+ Qxf6 7. Qf3 Qe7 8.
Bd3 d6 9. Ne2 O-O 10. Nc3 f5 11. Qe2 Be6 12. b3 c6 13. Bb2 Nd7 14. Bc2 Rae8 15.
Na4 Ba7 16. Bc3 Qg5 17. O-O-O b6 18. h4 Qe7 19. Bb2 b5 20. cxb5 cxb5 21. Nc3 b4
22. axb4 axb4 23. Na4 Rc8 24. Kb1 Rxc2 25. Kxc2 Qf7 26. Qa6 Bxb3+ 27. Kb1 Bc5
28. Rc1 Qd5 29. d3 Ra8 30. Nxc5 Rxa6 31. Nxa6 Qxd3+ 32. Rc2 Qxc2+ 33. Ka1 Qxf2
34. Nxb4 Nc5 35. Rc1 Qxg2 36. Bxe5 Qd2 0-1

[Event "FIDE World Rapid Team"]
[Site "London ENG"]
[Date "2025.06.11"]
[Round "3.6"]
[White "Kiritshenko, Platon"]
[Black "Morea, Georgiana-Steluta"]
[Result "1/2-1/2"]
[WhiteElo "1587"]
[BlackElo "1920"]
[WhiteTeam "OlalaStars"]
[BlackTeam "Sharks 4NCL"]
[WhiteFideId "4522010"]
[BlackFideId "1204319"]
[EventDate "2025.06.11"]
[EventType "team"]

1. c4 Nf6 2. d4 g6 3. Nc3 d6 4. e4 Bg7 5. Bd3 O-O 6. Nf3 Nbd7 7. O-O e5 8. d5
Nc5 9. Bc2 a5 10. h3 Nh5 11. Bg5 Qd7 12. Ba4 Nxa4 13. Qxa4 Qxa4 14. Nxa4 f5 15.
exf5 gxf5 16. Bd2 Bd7 17. Nc3 e4 18. Ne1 Rae8 19. Nc2 b6 20. Rfe1 Rf7 21. f3 Nf6
22. fxe4 fxe4 23. Be3 Bf5 24. Nd4 Nd7 25. Rf1 Bxd4 26. Bxd4 Ne5 27. Bxe5 Rxe5
28. Rae1 e3 29. b3 Rg7 30. Kh2 h5 31. Rf3 Rge7 32. Ne2 Bd7 33. Nf4 Kh7 34. Nd3
Re4 35. Rf4 a4 36. Kg3 b5 37. Kf3 Rxf4+ 38. Kxf4 axb3 39. axb3 bxc4 40. bxc4 e2
41. Kf3 Bf5 42. Rxe2 Rf7 43. Nf4 Bd3 44. Rd2 Bxc4 45. Ke4 Re7+ 46. Ne6 c6 47.
Kf5 Bxd5 48. Nf4 Re5+ 49. Kf6 h4 50. Nxd5 cxd5 51. Rd4 Re2 52. Rxh4+ Kg8 53.
Rg4+ Kh7 54. Kf5 d4 55. Rxd4 Rxg2 56. Rxd6 Rg3 57. h4 Ra3 58. Rd5 Kh6 59. Rd6+
Kh5 60. Rd4 1/2-1/2

[Event "FIDE World Rapid Team"]
[Site "London ENG"]
[Date "2025.06.11"]
[Round "3.1"]
[White "Hansen, Eric"]
[Black "Grahn, Vidar"]
[Result "1-0"]
[WhiteTitle "GM"]
[BlackTitle "FM"]
[WhiteElo "2609"]
[BlackElo "2239"]
[WhiteTeam "ChessbrahTV"]
[BlackTeam "Uppsala SSS"]
[WhiteFideId "2606771"]
[BlackFideId "1744780"]
[EventDate "2025.06.11"]
[EventType "team"]

1. e4 e5 2. Nf3 Nc6 3. Bc4 Nf6 4. d3 Bc5 5. O-O O-O 6. c3 d5 7. exd5 Nxd5 8. b4
Be7 9. Re1 Bg4 10. h3 Bh5 11. b5 Na5 12. Rxe5 Nf6 13. Nbd2 Bd6 14. Re1 Re8 15.
Qa4 Rxe1+ 16. Nxe1 Qe7 17. Ndf3 Nxc4 18. Qxc4 Re8 19. Bf4 Bxf4 20. Qxf4 Nd5 21.
Qd4 Rd8 22. c4 Nb4 23. Qxa7 b6 24. d4 Bxf3 25. Nxf3 Nc2 26. Rd1 Qe2 27. Rc1 Qxc4
28. Ne1 Qxd4 29. Nxc2 Qb2 30. Qa3 1-0

[Event "FIDE World Rapid Team"]
[Site "London ENG"]
[Date "2025.06.11"]
[Round "3.2"]
[White "Strom-Engdahl, Alexander"]
[Black "Ragnarsson, Dagur"]
[Result "0-1"]
[WhiteTitle "FM"]
[BlackTitle "IM"]
[WhiteElo "2320"]
[BlackElo "2349"]
[WhiteTeam "Uppsala SSS"]
[BlackTeam "ChessbrahTV"]
[WhiteFideId "1741586"]
[BlackFideId "2304058"]
[EventDate "2025.06.11"]
[EventType "team"]

1. Nf3 Nf6 2. b3 g6 3. Bb2 Bg7 4. c4 d6 5. g3 e5 6. d3 O-O 7. Bg2 a5 8. O-O Na6
9. Nbd2 a4 10. Bc3 axb3 11. axb3 c6 12. b4 Bd7 13. Qc2 Qe7 14. Rfb1 Nc7 15. c5
dxc5 16. Bxe5 Rxa1 17. Rxa1 cxb4 18. Ra7 Bc8 19. Qb2 Nb5 20. Ra4 c5 21. Ra5 Nc3
22. Nc4 Ne8 23. Bxg7 Nxg7 24. e3 Qc7 25. Ra1 Be6 26. Ncd2 b6 27. d4 Bd5 28. Nb1
Nxb1 29. Qxb1 Qb7 30. Ne1 Bxg2 31. Nxg2 Ne6 32. Nf4 Nxf4 33. gxf4 Qd5 34. Qb2
Rd8 35. Rd1 b3 36. Qc3 c4 37. Ra1 Ra8 38. Re1 Qa5 39. Qc1 b2 0-1

[Event "FIDE World Rapid Team"]
[Site "London ENG"]
[Date "2025.06.11"]
[Round "3.3"]
[White "Delaney, Killian"]
[Black "Frank, Anton"]
[Result "1-0"]
[WhiteTitle "FM"]
[BlackTitle "CM"]
[WhiteElo "2275"]
[BlackElo "2183"]
[WhiteTeam "ChessbrahTV"]
[BlackTeam "Uppsala SSS"]
[WhiteFideId "2501570"]
[BlackFideId "1752383"]
[EventDate "2025.06.11"]
[EventType "team"]

1. c4 e6 2. Nc3 Nf6 3. e4 d5 4. e5 d4 5. exf6 dxc3 6. bxc3 Qxf6 7. d4 Qd8 8. Bd3
Be7 9. Nf3 Nd7 10. O-O O-O 11. Qe2 Nf6 12. Bg5 h6 13. Bh4 Nh5 14. Bxe7 Qxe7 15.
Qe4 Nf6 16. Qe3 Qd6 17. c5 Qd8 18. Ne5 b6 19. c4 bxc5 20. dxc5 Ba6 21. Rad1 Qe8
22. c6 Qe7 23. Rb1 Rfd8 24. Rb7 Bxb7 25. cxb7 Rab8 26. Nc6 Qe8 27. Nxb8 Rxb8 28.
Qxa7 Nd7 29. Be4 Nf6 30. Bc6 Qd8 31. h3 Kh7 32. a4 Nh5 33. a5 Nf4 34. Qe3 Qd6
35. Bf3 e5 36. Qe4+ Ng6 37. Qc6 Qd4 38. Be4 Kh8 39. Bxg6 fxg6 40. Qxc7 1-0

[Event "FIDE World Rapid Team"]
[Site "London ENG"]
[Date "2025.06.11"]
[Round "3.4"]
[White "Nilsson, Oliver"]
[Black "Vincent, Trevor"]
[Result "1-0"]
[WhiteElo "2129"]
[BlackElo "2226"]
[WhiteTeam "Uppsala SSS"]
[BlackTeam "ChessbrahTV"]
[WhiteFideId "1730177"]
[BlackFideId "2605600"]
[EventDate "2025.06.11"]
[EventType "team"]

1. e4 e5 2. Nf3 Nc6 3. Bc4 Nf6 4. d4 exd4 5. e5 d5 6. Bb5 Ne4 7. Nxd4 Bd7 8.
Bxc6 bxc6 9. O-O Bc5 10. f3 Ng5 11. f4 Ne4 12. Be3 Qb8 13. Qd3 Qxb2 14. Nd2 Nxd2
15. Qxd2 O-O 16. a3 Rab8 17. f5 Qb6 18. Kh1 Rfe8 19. e6 fxe6 20. f6 Rf8 21. fxg7
Rxf1+ 22. Rxf1 h6 23. Qf2 Kh7 24. Qf6 1-0

[Event "FIDE World Rapid Team"]
[Site "London ENG"]
[Date "2025.06.11"]
[Round "3.5"]
[White "Garcia Martin, Marta"]
[Black "Ostensson, Julia"]
[Result "1-0"]
[WhiteTitle "IM"]
[WhiteElo "2339"]
[BlackElo "1996"]
[WhiteTeam "ChessbrahTV"]
[BlackTeam "Uppsala SSS"]
[WhiteFideId "32084030"]
[BlackFideId "1747703"]
[EventDate "2025.06.11"]
[EventType "team"]

1. e4 d6 2. d4 Nf6 3. Nc3 e5 4. Nf3 Nbd7 5. h3 c6 6. g4 h6 7. a4 exd4 8. Qxd4
Qb6 9. a5 Qxd4 10. Nxd4 Nc5 11. Bg2 Be6 12. Be3 Bc4 13. Nf5 O-O-O 14. O-O-O g6
15. Bd4 gxf5 16. Bxf6 h5 17. Bxh8 Bh6+ 18. Kb1 Rxh8 19. exf5 Bf4 20. Bf1 Bxf1
21. Rhxf1 hxg4 22. hxg4 Rh4 23. f3 Rh2 24. Ne4 Kc7 25. Nxc5 dxc5 26. Rh1 Re2 27.
Rh7 Re7 28. f6 1-0

[Event "FIDE World Rapid Team"]
[Site "London ENG"]
[Date "2025.06.11"]
[Round "3.6"]
[White "Letoret, Tim"]
[Black "Stojsin, Nikola"]
[Result "0-1"]
[WhiteElo "1907"]
[BlackElo "1716"]
[WhiteTeam "Uppsala SSS"]
[BlackTeam "ChessbrahTV"]
[WhiteFideId "269638"]
[BlackFideId "39923894"]
[EventDate "2025.06.11"]
[EventType "team"]

1. e4 e5 2. Nf3 Nc6 3. Bb5 a6 4. Ba4 Nf6 5. d3 b5 6. Bb3 Be7 7. O-O O-O 8. c3 d5
9. exd5 Nxd5 10. Re1 Bf6 11. Nbd2 Nf4 12. d4 Nd3 13. Nxe5 Ncxe5 14. dxe5 Nxe1
15. exf6 Nd3 16. fxg7 Re8 17. Nf3 Bg4 18. Bh6 Re1+ 19. Nxe1 Bxd1 20. Rxd1 Nxe1
21. Rxd8+ Rxd8 22. c4 Nd3 23. cxb5 axb5 24. a4 bxa4 25. Bxa4 Nxb2 26. Bb3 Rd6
27. Bf4 Rc6 28. h4 Kxg7 29. Be5+ f6 30. Bxb2 Rb6 31. Bxf6+ Kxf6 32. Bc4 Rb4 33.
Bd3 Rxh4 34. Kf1 h6 35. Ke2 Ke5 36. Ke3 Ra4 37. f3 c5 38. Be4 Ra3+ 39. Kf2 Kd4
40. g4 c4 41. Ke2 Ra2+ 42. Kd1 Ke3 43. Bc6 Rd2+ 44. Kc1 Rf2 45. Bd5 c3 46. Be6
Kxf3 47. Bf5 Rg2 48. Bd7 Rxg4 49. Kc2 Rc4 50. Bb5 Rc5 51. Bd3 h5 52. Bf1 h4 53.
Bd3 h3 54. Bf1 h2 55. Ba6 Kg2 56. Bd3 h1=Q 57. Bc4 Qh7+ 58. Kxc3 Qh4 59. Kb2
Qxc4 0-1

[Event "FIDE World Rapid Team"]
[Site "London ENG"]
[Date "2025.06.11"]
[Round "3.1"]
[White "Oro, Faustino"]
[Black "Vaidyanathan, Adithya"]
[Result "1-0"]
[WhiteTitle "IM"]
[WhiteElo "2465"]
[BlackElo "2111"]
[WhiteTeam "Turkish Airlines Sports Club"]
[BlackTeam "UK Chess Challenge Masters"]
[WhiteFideId "20000197"]
[BlackFideId "495450"]
[EventDate "2025.06.11"]
[EventType "team"]

1. d4 d5 2. Nf3 Bf5 3. c4 e6 4. Nc3 Nf6 5. cxd5 exd5 6. Qb3 Nc6 7. Bg5 Na5 8.
Qd1 Be7 9. e3 O-O 10. Bd3 Bxd3 11. Qxd3 c6 12. b3 Ne4 13. Bxe7 Qxe7 14. O-O Rfe8
15. Rfc1 Rad8 16. Ne5 f6 17. Nf3 Qe6 18. Qc2 Nd6 19. Ne1 Re7 20. Nd3 Qf7 21. Ne2
Qh5 22. Ng3 Qg5 23. Nf4 g6 24. Qd3 Kg7 25. Rc2 h5 26. h4 Qg4 27. Rac1 f5 28. Rc5
b6 29. Rxa5 bxa5 30. Rxc6 Qxh4 31. Nxg6 Kxg6 32. Nxf5 Qe4 33. Nxe7+ Kf7 34. Qxe4
Nxe4 35. Rc7 Ke6 36. Ng6 Kd6 37. Rxa7 Rc8 38. Ra6+ Kd7 39. Ne5+ Ke7 40. Rc6 Rg8
41. f3 Nf6 42. Kf2 h4 43. Ra6 Rc8 44. Ng6+ Kf7 45. Nxh4 Rc2+ 46. Kg3 Rxa2 47.
Kf4 Rb2 48. Rxa5 Rxb3 49. g4 Rc3 50. Ra7+ Ke6 51. Nf5 Nd7 52. Ra6+ Kf7 53. g5
Nf8 54. Rf6+ Ke8 55. Ng7+ Ke7 56. Nf5+ Ke8 57. Nd6+ Ke7 58. Rf7+ Kxd6 59. Rxf8
Ke6 60. Rf6+ Ke7 61. Rf5 Ke6 62. Rf6+ Ke7 63. Rf5 Ke6 64. Re5+ Kd6 65. g6 Rc1
66. Kg5 Rg1+ 67. Kf6 Rf1 68. f4 1-0

[Event "FIDE World Rapid Team"]
[Site "London ENG"]
[Date "2025.06.11"]
[Round "3.2"]
[White "Yu, Rock"]
[Black "Ahmad, Khagan"]
[Result "0-1"]
[BlackTitle "IM"]
[WhiteElo "2057"]
[BlackElo "2394"]
[WhiteTeam "UK Chess Challenge Masters"]
[BlackTeam "Turkish Airlines Sports Club"]
[WhiteFideId "489000"]
[BlackFideId "13431552"]
[EventDate "2025.06.11"]
[EventType "team"]

1. e4 c5 2. Nf3 d6 3. d4 cxd4 4. Nxd4 Nf6 5. f3 e5 6. Nb3 Be7 7. c4 a5 8. Be3
Nc6 9. Be2 O-O 10. Nc3 a4 11. Nd2 Nd4 12. Nxa4 Nxe2 13. Kxe2 b5 14. Nb6 Rb8 15.
Nxc8 Qxc8 16. Rc1 bxc4 17. Rxc4 Qe6 18. b3 d5 19. exd5 Nxd5 20. Qc2 Rfd8 21. Rd1
Nxe3 22. Kxe3 Qh6+ 23. Kf2 Qxh2 24. Nf1 Bh4+ 25. Ke3 Qg1+ 26. Ke4 g6 27. Rxd8+
Rxd8 28. Ne3 f5+ 29. Nxf5 gxf5+ 30. Kxf5 Rf8+ 31. Kg4 Qh2 32. Kh5 Be7+ 33. Kg4
Qh4# 0-1

[Event "FIDE World Rapid Team"]
[Site "London ENG"]
[Date "2025.06.11"]
[Round "3.3"]
[White "Lu, Miaoyi"]
[Black "Murawski, Jan"]
[Result "1-0"]
[WhiteTitle "IM"]
[BlackTitle "CM"]
[WhiteElo "2452"]
[BlackElo "2164"]
[WhiteTeam "Turkish Airlines Sports Club"]
[BlackTeam "UK Chess Challenge Masters"]
[WhiteFideId "8618020"]
[BlackFideId "21009287"]
[EventDate "2025.06.11"]
[EventType "team"]

1. e4 e5 2. Nc3 Nf6 3. d4 exd4 4. Qxd4 Nc6 5. Qd3 Bb4 6. Bd2 d6 7. O-O-O Ng4 8.
Qg3 Bc5 9. Nh3 h5 10. Nd5 h4 11. Qf4 Be6 12. Bc3 f6 13. Bc4 Bxd5 14. exd5 Nce5
15. Bb5+ c6 16. dxc6 bxc6 17. Bxc6+ Ke7 18. Rhe1 Kf8 19. Bxa8 Qxa8 20. f3 Nh6
21. Bxe5 dxe5 22. Rxe5 Be7 23. Rxe7 Kxe7 24. Qc7+ Ke8 25. Qxg7 Rg8 26. Re1+ Kd8
27. Qxf6+ Kc8 28. Qxh6 Qd5 29. Qa6+ Kb8 30. Re7 Rg7 31. Qxa7+ Kc8 32. Qc7# 1-0

[Event "FIDE World Rapid Team"]
[Site "London ENG"]
[Date "2025.06.11"]
[Round "3.4"]
[White "Longson, Sarah N"]
[Black "Xu, Yuanyuan"]
[Result "0-1"]
[WhiteTitle "WFM"]
[BlackTitle "WGM"]
[WhiteElo "1941"]
[BlackElo "2300"]
[WhiteTeam "UK Chess Challenge Masters"]
[BlackTeam "Turkish Airlines Sports Club"]
[WhiteFideId "2501465"]
[BlackFideId "8601089"]
[EventDate "2025.06.11"]
[EventType "team"]

1. e4 c6 2. d4 d5 3. exd5 cxd5 4. Bd3 Nc6 5. c3 e6 6. Nf3 Bd6 7. O-O Nge7 8.
Nbd2 O-O 9. Re1 Qc7 10. Bxh7+ Kxh7 11. Ng5+ Kg6 12. Qg4 f5 13. Qh4 Bxh2+ 14. Kh1
Bd7 15. Rxe6+ Bxe6 16. Nxe6 Rh8 17. Nxc7 Bxc7 18. Nf3 Rxh4+ 19. Nxh4+ Kf6 20.
Nf3 f4 0-1

[Event "FIDE World Rapid Team"]
[Site "London ENG"]
[Date "2025.06.11"]
[Round "3.5"]
[White "Lohia, Sohum"]
[Black "Sefton, Adam"]
[Result "1-0"]
[WhiteTitle "FM"]
[WhiteElo "2364"]
[BlackElo "2047"]
[WhiteTeam "Turkish Airlines Sports Club"]
[BlackTeam "UK Chess Challenge Masters"]
[WhiteFideId "5819369"]
[BlackFideId "343400965"]
[EventDate "2025.06.11"]
[EventType "team"]

1. d4 Nf6 2. Nc3 d5 3. Nf3 e6 4. Bg5 Nbd7 5. e4 dxe4 6. Nxe4 Be7 7. Bxf6 Nxf6 8.
Bd3 O-O 9. Qe2 Nd5 10. O-O-O Nf4 11. Qd2 Nxd3+ 12. Qxd3 b6 13. h4 h6 14. Kb1 Bb7
15. Nfg5 f5 16. Nxe6 Qc8 17. Qb3 Bxe4 18. f3 Bb7 19. Nxc7+ Kh8 20. Nxa8 Qxa8 21.
d5 Rd8 22. c4 Bc5 23. Qc2 Qc8 24. Rhe1 a6 25. Re6 b5 26. cxb5 axb5 27. Qxf5 b4
28. Re5 Qa8 29. Qe4 Qa4 30. Re1 Qa6 31. Re8+ Rxe8 32. Qxe8+ Kh7 33. Qe4+ Kh8 34.
Qf5 Qa4 35. Qf7 Kh7 36. Qxb7 Bf2 37. Rf1 Bd4 38. Qc6 Qa7 39. Qc2+ 1-0

[Event "FIDE World Rapid Team"]
[Site "London ENG"]
[Date "2025.06.11"]
[Round "3.6"]
[White "Veselow, Zoe"]
[Black "Yildiz, Ali Aras"]
[Result "1-0"]
[WhiteElo "1761"]
[BlackElo "2089"]
[WhiteTeam "UK Chess Challenge Masters"]
[BlackTeam "Turkish Airlines Sports Club"]
[WhiteFideId "497657"]
[BlackFideId "51619822"]
[EventDate "2025.06.11"]
[EventType "team"]

1. e4 c5 2. Nf3 d6 3. d4 cxd4 4. Nxd4 Nf6 5. Nc3 g6 6. g3 Bg7 7. Bg2 O-O 8. O-O
Nc6 9. Nce2 Bd7 10. h3 Rc8 11. Be3 Ne5 12. b3 a6 13. Qd2 Qc7 14. Bh6 Rfd8 15.
Bxg7 Kxg7 16. c4 Be8 17. Rac1 e6 18. Nc3 Nc6 19. Kh2 h5 20. f4 h4 21. g4 Nxd4
22. Qxd4 e5 23. Qf2 Qe7 24. Qxh4 exf4 25. Rxf4 Qe5 26. Qg3 Nh7 27. Rd1 Bc6 28.
Rdf1 Ng5 29. Nd5 Bxd5 30. exd5 Rh8 31. Re1 Qb2 32. Rf2 Qd4 33. Qe3 Qxg4 34. Qc3+
f6 35. Qxf6+ 1-0

[Event "FIDE World Rapid Team"]
[Site "London ENG"]
[Date "2025.06.11"]
[Round "3.1"]
[White "Zakarian, David"]
[Black "Atlas, Valery"]
[Result "1/2-1/2"]
[WhiteTitle "FM"]
[BlackTitle "IM"]
[WhiteElo "2301"]
[BlackElo "2401"]
[WhiteTeam "ANI"]
[BlackTeam "Perfect"]
[WhiteFideId "13301276"]
[BlackFideId "12000035"]
[EventDate "2025.06.11"]
[EventType "team"]

1. e4 c5 2. Nf3 e6 3. d3 d6 4. g3 b6 5. Bg2 Bb7 6. O-O Nf6 7. c3 Be7 8. Re1 Nbd7
9. Nbd2 Ne5 10. Nf1 O-O 11. Bf4 Nxf3+ 12. Bxf3 e5 13. Bg5 Ne8 14. Bxe7 Qxe7 15.
Ne3 g6 16. d4 Ng7 17. dxc5 dxc5 18. Qa4 Qc7 19. Rad1 Bc6 20. Qb3 Rad8 21. h4 h5
22. Bg2 Rxd1 23. Rxd1 Rd8 24. Nd5 Bxd5 25. Rxd5 Ne8 26. Qa4 a5 27. Rxd8 Qxd8 28.
Qc6 Kf8 29. Bf1 Nd6 30. a4 Kg7 31. Be2 Kh6 32. Kg2 f6 33. Qd5 Qe7 34. Bd3 Kg7
35. Bc2 f5 36. exf5 gxf5 37. Bb3 Qb7 38. f3 Qxd5 39. Bxd5 Kf6 40. Kf2 Kg6 41.
Ke3 Kf6 42. Kf2 Kg6 43. Ke3 Kf6 44. Kf2 Kg6 1/2-1/2

[Event "FIDE World Rapid Team"]
[Site "London ENG"]
[Date "2025.06.11"]
[Round "3.2"]
[White "Zlotnik, Boris A"]
[Black "Kiremitciyan, Ari"]
[Result "1-0"]
[WhiteTitle "IM"]
[BlackTitle "FM"]
[WhiteElo "2433"]
[BlackElo "2271"]
[WhiteTeam "Perfect"]
[BlackTeam "ANI"]
[WhiteFideId "4101413"]
[BlackFideId "6373445"]
[EventDate "2025.06.11"]
[EventType "team"]

1. d4 d5 2. c4 e6 3. Nc3 Nf6 4. cxd5 exd5 5. Bg5 c6 6. e3 Be6 7. Qb3 Nbd7 8. Nf3
Qb6 9. Qc2 h6 10. Bh4 g5 11. Bg3 Nh5 12. Bd3 O-O-O 13. Rb1 Nxg3 14. hxg3 Be7 15.
b4 Kb8 16. O-O Rc8 17. Na4 Qd8 18. Nc5 g4 19. Nxd7+ Qxd7 20. Ne5 Qc7 21. Bf5 h5
22. Bxe6 fxe6 23. Qg6 Bd6 24. Nf7 Rhe8 25. Qxh5 Rg8 26. b5 c5 27. dxc5 Bxc5 28.
Qe5 Qxe5 29. Nxe5 Bd6 30. Nd3 Rc3 31. Rfd1 Rg6 32. Rbc1 Rxc1 33. Rxc1 e5 34. Rd1
Kc7 35. Ne1 d4 36. exd4 exd4 37. Rxd4 Bc5 38. Rc4 Kb6 39. Nd3 Bd6 40. a4 a6 41.
bxa6 Kxa6 42. Nf4 Rg8 43. Nd5 Ka5 44. Ne3 Bb4 45. Nd5 Bd6 46. Nf6 Rg6 47. Nxg4
Bb4 48. Ne3 b6 49. Nc2 Bc5 50. Kf1 Rf6 51. f3 Rd6 52. Ke1 Re6+ 53. Kd2 Rd6+ 54.
Kc1 Re6 55. Nd4 Ba3+ 56. Kd2 Rd6 57. Kc3 Rh6 58. Nb3+ Ka6 59. Re4 Rc6+ 60. Kd3
Rd6+ 61. Rd4 Rh6 62. Re4 Rd6+ 63. Rd4 Rh6 64. Ke2 Rh2 65. Kf2 Rh1 66. g4 Rb1 67.
Rd3 Rb2+ 68. Kg3 Bb4 69. g5 Ra2 70. g6 Be1+ 71. Kh2 Re2 72. g7 Re8 73. Nd4 Bf2
74. Nf5 Ka5 75. g4 1-0

[Event "FIDE World Rapid Team"]
[Site "London ENG"]
[Date "2025.06.11"]
[Round "3.3"]
[White "Stepanyan, Henrik"]
[Black "Slavin, Gennadie"]
[Result "0-1"]
[WhiteElo "2200"]
[BlackElo "2207"]
[WhiteTeam "ANI"]
[BlackTeam "Perfect"]
[WhiteFideId "401030"]
[BlackFideId "4104870"]
[EventDate "2025.06.11"]
[EventType "team"]

1. d4 Nf6 2. c4 d6 3. Nc3 e5 4. d5 Be7 5. e4 O-O 6. Bd3 Ne8 7. Nge2 Bg5 8. O-O
a5 9. Ng3 Na6 10. Qh5 Bxc1 11. Raxc1 Nc5 12. Bc2 Qf6 13. f4 g6 14. Qh6 Qg7 15.
Qh4 exf4 16. Qxf4 Qe5 17. Qh6 Nf6 18. Qf4 Ng4 19. Qxe5 Nxe5 20. Nb5 Na6 21. Bb1
Bd7 22. Nd4 Nc5 23. Nb3 b6 24. Ne2 a4 25. Nbd4 Rfe8 26. Nf3 Ned3 27. Rc3 Rxe4
28. Ng3 Re3 29. Ng5 f5 30. Rd1 h6 31. Ne6 Nxb2 32. Rxe3 Nxd1 33. Re1 Bxe6 34.
dxe6 Nc3 35. Bc2 Re8 36. h4 Rxe6 37. Rxe6 Nxe6 38. h5 f4 39. Ne4 Nxe4 40. Bxe4
g5 41. Bd5 Kf7 42. a3 Kf6 43. Kf2 Ke5 44. Kf3 Nd4+ 45. Kg4 Nc2 46. Bc6 Nxa3 47.
Bxa4 Nxc4 0-1

[Event "FIDE World Rapid Team"]
[Site "London ENG"]
[Date "2025.06.11"]
[Round "3.4"]
[White "Arakhamia-Grant, Ketevan"]
[Black "Zakarian, Dimitrios Levon"]
[Result "1/2-1/2"]
[WhiteTitle "GM"]
[WhiteElo "2269"]
[BlackElo "2079"]
[WhiteTeam "Perfect"]
[BlackTeam "ANI"]
[WhiteFideId "13600168"]
[BlackFideId "453080"]
[EventDate "2025.06.11"]
[EventType "team"]

1. e4 c5 2. Nf3 e6 3. d4 cxd4 4. Nxd4 a6 5. Bd3 Nf6 6. O-O Qc7 7. Qe2 d6 8. Nc3
g6 9. a4 Bg7 10. Be3 O-O 11. a5 Nbd7 12. f3 Re8 13. Qf2 d5 14. exd5 Nxd5 15.
Nxd5 exd5 16. Rfe1 Nc5 17. Bf1 Bd7 18. c3 Rac8 19. Rad1 Ne6 20. Nxe6 Bxe6 21.
Bb6 Qf4 22. g3 Qa4 23. Bg2 h5 24. f4 Qb5 25. Rd2 Bf6 26. Red1 Bd8 27. Bxd5 Bxb6
28. axb6 Bxd5 29. Rxd5 Qc4 30. f5 Rc6 31. fxg6 Rxg6 32. Rxh5 Qe2 33. Rhd5 Qxf2+
34. Kxf2 Rxb6 35. R1d2 Ree6 36. Rd7 Kg7 37. h4 Kg6 38. Kg2 f6 39. g4 Rb5 40.
R7d5 Rxd5 41. Rxd5 Re2+ 42. Kf3 Rxb2 43. h5+ Kh6 44. Rd6 Kg5 45. Rd5+ Kh6 46.
Rd6 Kg5 47. Rd5+ Kh6 1/2-1/2

[Event "FIDE World Rapid Team"]
[Site "London ENG"]
[Date "2025.06.11"]
[Round "3.5"]
[White "Grigoryan, Meri"]
[Black "Atlas, Dmitry"]
[Result "1/2-1/2"]
[WhiteTitle "WFM"]
[BlackTitle "FM"]
[WhiteElo "1980"]
[BlackElo "2107"]
[WhiteTeam "ANI"]
[BlackTeam "Perfect"]
[WhiteFideId "13300571"]
[BlackFideId "12000051"]
[EventDate "2025.06.11"]
[EventType "team"]

1. d4 d5 2. Nf3 Nf6 3. Bf4 Bf5 4. c3 e6 5. e3 Be7 6. Bd3 O-O 7. O-O Nbd7 8. Bxf5
exf5 9. Ne5 c6 10. Nd2 Ne4 11. f3 Nxd2 12. Qxd2 Nxe5 13. Bxe5 Bd6 14. Bxd6 Qxd6
15. Rae1 Rae8 16. Qc2 Qg6 17. Re2 Re7 18. Rfe1 Rfe8 19. c4 Qg5 20. f4 Qf6 21.
cxd5 cxd5 22. Qc5 Qc6 23. Qxc6 bxc6 24. Kf2 Rb8 25. Rc1 Rb6 26. b3 Kf8 27. Rec2
Re6 28. Rc5 Ke7 29. Ra5 a6 30. Rcc5 Kd7 31. Kf3 Kc7 32. Rc2 Kb7 33. Rac5 Rb5 34.
R5c3 a5 35. h3 Rh6 36. Rc5 Rxc5 37. Rxc5 Kb6 38. Rc2 Kb5 39. a3 Kb6 40. Rb2 c5
41. dxc5+ Kxc5 42. Rc2+ Kb6 43. Rc8 Rd6 44. Rb8+ Kc6 45. Ra8 Kb6 46. Rf8 d4 47.
exd4 Rxd4 48. Rb8+ Kc6 49. Ke3 Re4+ 50. Kf3 a4 51. bxa4 Rxa4 52. Rb3 f6 53. g4
fxg4+ 54. hxg4 g5 55. fxg5 fxg5 56. Kg3 Kd6 57. Rd3+ Ke6 58. Re3+ Kd5 59. Rb3
Kc4 60. Re3 Ra6 61. Re4+ Kd3 62. Re7 Rxa3 63. Rxh7 Ke4+ 64. Kg2 Kf4 65. Rb7 Ra2+
66. Kh3 Ra3+ 67. Kg2 Kxg4 68. Rb4+ Kf5 69. Rb5+ Kg6 70. Rb6+ Kh5 71. Rb4 g4 72.
Rb8 Ra2+ 73. Kg3 Ra3+ 74. Kg2 1/2-1/2

[Event "FIDE World Rapid Team"]
[Site "London ENG"]
[Date "2025.06.11"]
[Round "3.6"]
[White "Mindru, Valeriu"]
[Black "Mesropyan, Hayk"]
[Result "0-1"]
[WhiteElo "1874"]
[BlackElo "1866"]
[WhiteTeam "Perfect"]
[BlackTeam "ANI"]
[WhiteFideId "13905775"]
[BlackFideId "499455"]
[EventDate "2025.06.11"]
[EventType "team"]

1. d4 d5 2. Nf3 Nf6 3. e3 e6 4. Bd3 Be7 5. Nbd2 c5 6. b3 O-O 7. Bb2 a6 8. O-O
Nc6 9. a3 b5 10. dxc5 Bxc5 11. b4 Bb6 12. Nb3 Qe7 13. Qe2 e5 14. e4 d4 15. c3
Be6 16. c4 bxc4 17. Bxc4 Rfc8 18. Rfc1 Na7 19. Nxe5 Nb5 20. Nf3 Bxc4 21. Rxc4
Qxe4 22. Qxe4 Nxe4 23. Rxc8+ Rxc8 24. Nbxd4 Nxf2 25. Kxf2 Rc2+ 26. Kg3 Rxb2 27.
Nxb5 axb5 28. Rc1 h6 29. Rc8+ Kh7 30. Rb8 Bc7+ 0-1

[Event "FIDE World Rapid Team"]
[Site "London ENG"]
[Date "2025.06.11"]
[Round "3.1"]
[White "O'Gorman, Tom"]
[Black "Turner, Matthew J"]
[Result "1/2-1/2"]
[WhiteTitle "IM"]
[BlackTitle "GM"]
[WhiteElo "2379"]
[BlackElo "2441"]
[WhiteTeam "Oxbridge"]
[BlackTeam "Sassy Seniors"]
[WhiteFideId "2508249"]
[BlackFideId "402893"]
[EventDate "2025.06.11"]
[EventType "team"]

1. e4 e5 2. Nf3 Nc6 3. Bb5 a6 4. Ba4 Nf6 5. d3 b5 6. Bb3 Be7 7. a4 Rb8 8. O-O
O-O 9. h3 d6 10. Be3 Be6 11. Bxe6 fxe6 12. axb5 axb5 13. Nbd2 Qd7 14. c3 b4 15.
d4 bxc3 16. bxc3 exd4 17. cxd4 Nb4 18. Ra7 Nc6 19. Ra1 Nb4 20. Qa4 Qxa4 21. Rxa4
Nc2 22. Bg5 Rb4 23. Rxb4 Nxb4 24. Rb1 Rb8 25. e5 dxe5 26. dxe5 Nfd5 27. Bxe7
Nxe7 28. Ng5 Nec6 29. Nxe6 Nd3 30. Rxb8+ Nxb8 31. f4 Kf7 32. Ng5+ Kg6 33. Ne6
Kf7 34. Nxc7 Nxf4 35. Nc4 Nc6 36. Kh2 Nd3 37. e6+ Ke7 38. Kg3 Nc5 39. Ne3 g6 40.
Kf4 Kd6 41. Ne8+ Ke7 42. Nc7 Kd6 43. Ne8+ 1/2-1/2